[Event "BRA-ch U26"]
[Site "Joinville"]
[Date "2023.10.09"]
[Round "1"]
[White "Da Silva, Igor Fernandes"]
[Black "Nakagawa, Lucas Hiroshi Dos S"]
[Result "1-0"]
[WhiteElo "1836"]
[BlackElo "1800"]
[PlyCount "71"]
[EventDate "2023.10.09"]
[EventType "swiss"]
[EventRounds "6"]
[EventCountry "BRA"]
[SourceTitle "Mega2024 Update 01"]
[Source "Chessbase"]
[SourceDate "2023.11.12"]
[SourceVersion "1"]
[SourceVersionDate "2023.11.12"]
[SourceQuality "1"]

1. e4 c5 2. Nf3 d6 3. d4 cxd4 4. Nxd4 Nf6 5. Nc3 a6 6. Be2 e6 7. Be3 Be7 8. 0-0 0-0 9. a4 Bd7 10. Qd2 h6 11. Rad1 Nc6 12. f4 e5 13. Nxc6 bxc6 14. fxe5 dxe5 15. Rxf6 Bxf6 16. Qxd7 Qxd7 17. Rxd7 Rab8 18. b3 a5 19. Bc4 Rbd8 20. Ra7 Ra8 21. Bxf7+ Kh7 22. Rxa8 Rxa8 23. Kf2 Rf8 24. Bc4 Be7+ 25. Ke2 Bb4 26. Nd1 c5 27. c3 Ba3 28. Kd2 Rd8+ 29. Kc2 Rd6 30. Nf2 Rg6 31. g3 Rf6 32. Ng4 Rf3 33. Be2 Rf8 34. Nxe5 Re8 35. Nc4 Rxe4 36. Bd3 1-0

[Event "Natal Potiguar-ch sf"]
[Site "Natal"]
[Date "2017.09.10"]
[Round "5"]
[White "Frankental, David"]
[Black "Da Silva, Igor Fernandes"]
[Result "1-0"]
[WhiteElo "1866"]
[BlackElo "1824"]
[PlyCount "55"]
[EventDate "2017.09.08"]
[EventType "swiss"]
[EventRounds "6"]
[EventCountry "BRA"]
[SourceTitle "CBM 180 Extra"]
[Source "ChessBase"]
[SourceDate "2017.10.06"]
[SourceVersion "1"]
[SourceVersionDate "2017.10.06"]
[SourceQuality "1"]

1. d4 Nf6 2. c4 e6 3. Nc3 Bb4 4. a3 Bxc3+ 5. bxc3 d6 6. Nf3 Nbd7 7. Bg5 h6 8. Bh4 0-0 9. Qd2 Qe7 10. e4 e5 11. Bd3 Re8 12. 0-0 g5 13. Nxg5 hxg5 14. Bxg5 Nf8 15. f4 N8h7 16. fxe5 dxe5 17. Bxf6 Nxf6 18. Qg5+ Kf8 19. Qh6+ Kg8 20. Rxf6 Qf8 21. Qh4 Re6 22. Raf1 Rxf6 23. Rxf6 Qxa3 24. Rf3 Qc1+ 25. Bf1 Bd7 26. Qf6 Rf8 27. Rg3+ Kh7 28. Qg7# 1-0

[Event "Natal Potiguar op"]
[Site "Natal"]
[Date "2017.06.03"]
[Round "3"]
[White "Da Silva, Igor Fernandes"]
[Black "De Lima, Enzo Magalhaes"]
[Result "1-0"]
[WhiteElo "1801"]
[BlackElo "1420"]
[PlyCount "71"]
[EventDate "2017.06.02"]
[EventType "swiss"]
[EventRounds "6"]
[EventCountry "BRA"]
[SourceTitle "EXT 2018"]
[Source "ChessBase"]
[SourceDate "2017.10.13"]
[SourceVersion "1"]
[SourceVersionDate "2017.10.13"]
[SourceQuality "1"]

1. e4 c6 2. Nc3 d5 3. Nf3 Bg4 4. h3 Bh5 5. Be2 e6 6. d4 Nd7 7. Bf4 Qb6 8. Qd2 0-0-0 9. exd5 exd5 10. a3 Re8 11. 0-0 Ngf6 12. Na4 Qd8 13. Rfe1 Ne4 14. Qd3 g5 15. Nxg5 Bxe2 16. Rxe2 Nxg5 17. Bxg5 f6 18. Bf4 Rxe2 19. Qxe2 Rg8 20. Re1 b5 21. b4 Kb7 22. Nc5+ Bxc5 23. dxc5 a5 24. Qe6 axb4 25. axb4 h5 26. Qd6 Rg7 27. Re6 Qc8 28. Re7 Rxe7 29. Qxe7 Ka6 30. Qf7 Qd8 31. Qxh5 Qe7 32. Qd1 Qh7 33. Qa1+ Kb7 34. Qa5 Nb8 35. Qb6+ Kc8 36. Qxb8+ 1-0

[Event "Potiguar-ch sf"]
[Site "Natal"]
[Date "2016.09.17"]
[Round "3.9"]
[White "Da Silva, Ruan Gabriel Maciel"]
[Black "Da Silva, Igor Fernandes"]
[Result "0-1"]
[WhiteElo "1475"]
[BlackElo "1823"]
[PlyCount "106"]
[EventDate "2016.09.16"]
[EventType "swiss"]
[EventRounds "6"]
[EventCountry "BRA"]
[SourceTitle "EXT 2022"]
[Source "ChessBase"]
[SourceDate "2021.10.06"]
[SourceVersion "1"]
[SourceVersionDate "2021.10.06"]
[SourceQuality "1"]

1. d4 d5 2. Nf3 e6 3. Bf4 Nf6 4. e3 Bd6 5. Bxd6 Qxd6 6. c4 c6 7. Be2 Nbd7 8. cxd5 exd5 9. 0-0 0-0 10. Qc2 Re8 11. Re1 Ne4 12. Nbd2 Ndf6 13. Ne5 Nxd2 14. Qxd2 Bf5 15. Bd3 Bxd3 16. Qxd3 Re7 17. Re2 Rae8 18. Rae1 Nd7 19. Nf3 g6 20. a3 f5 21. Nd2 Re6 22. b4 a6 23. g3 Qe7 24. Nf3 Kg7 25. Kg2 h6 26. h4 Nf6 27. Ne5 Rxe5 28. dxe5 Qxe5 29. Qd4 Qxd4 30. exd4 Kf7 31. Rxe8 Nxe8 32. Kf3 Nd6 33. Kf4 Kf6 34. g4 fxg4 35. a4 h5 36. Rd1 Nf5 37. Rd2 Nxh4 38. Kg3 Nf5+ 39. Kg2 Kg5 40. Rd3 Kf4 41. b5 axb5 42. axb5 Ke4 43. bxc6 bxc6 44. Rc3 Nxd4 45. Re3+ Kf4 46. Rd3 c5 47. Rc3 c4 48. Rc1 Nf3 49. Rd1 d4 50. Kf1 d3 51. Kg2 d2 52. Kf1 c3 53. Ra1 c2 0-1

[Event "Natal-ch"]
[Site "Natal"]
[Date "2016.02.07"]
[Round "4"]
[White "Souza, Rafael Cabral de"]
[Black "Da Silva, Igor Fernandes"]
[Result "1-0"]
[WhiteElo "2197"]
[BlackElo "1800"]
[PlyCount "71"]
[EventDate "2016.02.06"]
[EventType "swiss"]
[EventRounds "6"]
[EventCountry "BRA"]
[SourceTitle "CBM 171 Extra"]
[Source "ChessBase"]
[SourceDate "2016.04.26"]
[SourceVersion "1"]
[SourceVersionDate "2016.04.26"]
[SourceQuality "1"]

1. e4 e6 2. d4 d5 3. e5 c5 4. Nf3 cxd4 5. Bd3 Nc6 6. a3 Qc7 7. Bf4 Nge7 8. Qe2 Bd7 9. Nbd2 Rc8 10. 0-0 Ng6 11. Bg3 a6 12. h4 Bc5 13. Rfe1 b5 14. Ng5 Be7 15. f4 Bxg5 16. hxg5 Nge7 17. Bh2 g6 18. g4 h5 19. gxh6 Rxh6 20. Nf3 Qb6 21. Kg2 Na5 22. Bg1 Nec6 23. b3 Rb8 24. Qd2 Rh8 25. Bf2 Nb7 26. Rh1 Rxh1 27. Rxh1 Kd8 28. Rh7 Be8 29. Ng5 Nc5 30. Nxf7+ Bxf7 31. Rxf7 Ne4 32. Qe1 Nxf2 33. Qxf2 Ne7 34. Qh4 Rb7 35. Bxg6 Qc5 36. b4 1-0